000 00462nam a2200217 454500
001 069630
003 BD-ChCU
008 Eng
020 _ax
040 _aDLC
_cDLC
_dBD-ChCU
082 0 0 _a570/ATT
100 1 _aAtkins, Hedley, J.B.
_bx
245 1 0 _aTools of biological research
_bx
250 _ax
260 _aOxford
_bBlackwell
_c1960
300 _axii,175
504 _ax
650 0 _aBiology
_bBiology
700 1 _ax
942 _2ddc
_cBK
999 _c69630
_d69630